| 000 | 01553nam a2200457 i 4500 | ||
|---|---|---|---|
| 001 | 32301 | ||
| 003 | KOSZ 005 | ||
| 005 | 20230628132656.0 | ||
| 008 | 970707s1997 pl f |000 0 pol d | ||
| 020 | _a8387115010 | ||
| 020 | _a0789703823 | ||
| 040 |
_cKOSZ 005 _aKOSZ 005 _dKOSZ 005/HR |
||
| 041 | 1 |
_apol _heng |
|
| 046 | _k1995 | ||
| 080 | _a004.42 | ||
| 080 | _a657 | ||
| 080 | _a658.14/.17 | ||
| 080 | _a(07) | ||
| 100 | 1 |
_aCarlberg, Conrad George. _eAutor |
|
| 245 | 1 | 0 |
_aAnaliza finansowa z zastosowaniem Excel'a / _cautorstwa Conrad'a Carlberga'a [i.e. Carlberg'a] ; [tł. z ang. Przemysław Gniewek]. |
| 246 |
_iTyt. oryg.: _aBusiness analysis with Excel |
||
| 260 |
_aWarszawa : _bLT&P, _c1997. |
||
| 300 |
_aXVI, 581, [1] s. : _bmapy, rys., wykr. ; _c24 cm + _edyskietka. |
||
| 336 |
_2rdacontent _aTekst _btxt |
||
| 337 |
_2rdamedia _aBez urządzenia pośredniczącego _bn |
||
| 338 |
_2rdacarrier _aWolumin _bnc |
||
| 380 | _aKsiążki | ||
| 388 | _a1901-2000 | ||
| 388 | _a1989-2000 | ||
| 500 | _aOryg.: "Business analysis with Excel" 1995. | ||
| 650 | 9 | _aAnaliza finansowa | |
| 658 | _aGospodarka, ekonomia, finanse | ||
| 658 | _aInformatyka i technologie informacyjne | ||
| 650 | 9 | _aRachunkowość | |
| 650 | 9 | _aFinanse przedsiębiorstwa | |
| 655 | _aPodręcznik | ||
| 650 | 9 | _aExcel | |
| 700 | 1 |
_aGniewek, Przemysław _eTłumaczenie |
|
| 856 |
_uhttp://koha.tu.koszalin.pl/cgi-bin/koha/opac-detail.pl?biblionumber=32301 _yKatalog online BPK |
||
| 942 |
_cKS _2UKD |
||
| 999 |
_c32301 _d32301 |
||